Đurđevdan tekst - Statistics

General Stats
  • This quiz has been taken 168 times
  • The average score is 92 of 135
Answer Stats
Tekst % Correct
s
100%
a
92%
ja
92%
da
87%
đurđevdan
85%
Đurđevdan
85%
na
85%
moja
82%
koga
80%
volim
80%
nisam
79%
onim
79%
se
76%
Evo
75%
evo
75%
je
75%
rame
75%
zore
75%
bogu
74%
đurđevak
74%
meni
74%
moje
74%
pomolim
74%
Proljeće
74%
slijeće
74%
osim
72%
zeleni
72%
Ej
69%
ej
69%
svima
67%
đurđevak
64%
draga
60%
nema
60%
Danice
59%
miriše
57%
saputnice
57%
zvjezde
57%
osta'
56%
odoše
52%
kome
47%
sada
47%
više
46%
moja
45%
nikad
45%
Drumovi
36%
dana
24%
đurđevdana
24%
svakog
23%
drugog
22%
ime
22%
Njeno
20%
spominje
20%
neka
16%
No matching quizzes found
Score Distribution
Percent of People with Each Score
Percentile by Number Answered
Your Score History
You have not taken this quiz